Prokofiev v Londýne ; Sergej Sergejevič Prokofjev

Bibliographic Details
Format: Article
Language:Slovak
Subjects:

MARC

LEADER 00000nab a2200000 a 4500
001 vtls000440243
003 SK-MaSNL
005 20260303101933.0
008 230120c1991 xo 0 slo
015 |a SNBRB19rr/mm-uuuuu 
035 |a CL0440373 
035 |a urn:nbn:sk:snk-ab25m2 
035 |a (urnnbn)urn:nbn:sk:snk:ar-a01oyw 
035 |a (uuid)6b1a63ba-6452-41b0-ab8c-fb4092b169b8 
040 |a SNKBUCL  |b slo  |c SNKBUCL  |e AACR2 
041 0 |a slo 
044 |a xo  |c SK 
080 |a 78.091.4:782/785  |2 1981 
080 |a 782/785  |2 1981 
245 0 0 |a Prokofiev v Londýne ; Sergej Sergejevič Prokofjev 
600 1 7 |a Prokofjev, Sergej Sergejevič,  |2 snkbucl  |9 969610 
600 1 7 |a Prokofjev, Sergej Sergejevič  |d 1891-1953  |x tvorba umelecká - festivaly medzinárodné - Londýn - r. 1991 - informácie  |2 snkbucl  |9 1114403 
655 7 |a články z novín a časopisov  |2 snkbucl  |9 267496 
773 0 |t Hudobný život 91  |g Roč. 23, č. 24 (1991), s. 9 
850 |a Slovenská národná knižnica v Martine  |a MTA001 
852 |a SNK  |b KIS3GCP 
954 |a odborná, vedecká literatúra pôvodná (slovenská)  |2 lita 
958 |a OND 
958 |a RK 
958 |a SU 
958 |a EUIPO 
958 |a article27 
992 |a RBX 
999 |c 1840513  |d 1842443